Estatísticas para Top 4 Colocados das Copa do Mundo de Rugby

Clique aqui para jogar o quiz

Estatísticas Gerais

  • Esse quiz foi jogado 3 118 vezes
  • A pontuação média é 5 de 8

Estatísticas das Respostas

País% Correto
Austrália
91%
Nova Zelândia
87%
França
77%
Inglaterra
67%
África do Sul
63%
Argentina
61%
Escócia
43%
País de Gales
39%

Distribuição das Pontuações

Percentil de Números Respondidos

Porcentagem de Pessoas com Cada Pontuação

Sua Pontuação Histórica

Você não jogou esse quiz